| 000 | 00378nam a22001457a 4500 | ||
|---|---|---|---|
| 003 | OSt | ||
| 005 | 20160727222344.0 | ||
| 008 | 160621b xxu||||| |||| 00| 0 eng d | ||
| 040 | _cTest | ||
| 100 |
_9203 _aLondon, J |
||
| 245 |
_aWhite Fang _bGreat Illustrated Classics |
||
| 260 |
_aN.Y _bPhymore inc. _cMCMXCIV |
||
| 300 | _aWhite Fang: Great Illustrated Classics | ||
| 942 |
_2ddc _cBK |
||
| 999 |
_c161 _d161 |
||